| 000 | 01342nam a2200313 c 4500 | ||
|---|---|---|---|
| 999 |
_c187031 _d187031 |
||
| 003 | BLK | ||
| 005 | 20220629152202.0 | ||
| 008 | 180411b bul|||||r ||||||| ||bul|| | ||
| 010 | _aKNG00196035000 | ||
| 040 | _aBLK | ||
| 041 |
_aBUL _cBUL |
||
| 080 |
_aПедагогическа психология _b37.015.3 _x(075.8) _z37.015.3(075.8) |
||
| 100 | 1 |
_aПирьов, Генчо Димитров _eпърви автор _9364704 |
|
| 139 |
_aПирьов, Генчо Димитров _bП 53 |
||
| 245 | 1 | 0 |
_aПедагогическа психология _bУчебник за студентите от Филос.-истор. фак. при СУ Климент Охридски _cГенчо Димитров Пирьов. |
| 250 | _a5. прераб. изд. | ||
| 257 | _aBGR | ||
| 260 |
_bНаука и изкуство _c1971 _aСофия |
||
| 300 |
_a467 с. _c22 см |
||
| 380 | _a3 | ||
| 500 | _a1. изд. в 2 т. 1948 и 1949. - 8 066 тир. - Библиогр. под линия. | ||
| 650 | 4 |
_aДетска и педагогическа психология - учебници за ВУЗ _9242551 |
|
| 653 | _aпедагогическа психология | ||
| 852 | _aЦб 59350 | ||
| 856 | 4 | _qpdf | |
| 856 | 4 | _qpdf | |
| 942 |
_cKNG _n0 _02 _s1 |
||
| 944 |
_aCR _c15.11.2016 _kКети_Илиева |
||
| 944 |
_aED _c15.11.2016 _kКети_Илиева |
||
| 999 | _d187031 | ||